书目信息 |
| 题名: |
啤酒,面包,奶酪
|
|
| 作者: | 伦内贝格 著 ;苏斯比尔 , 杨毅 , 陈慧 , 王健美 插图 | |
| 分册: | ||
| 出版信息: | 北京 科学出版社 2009.03 |
|
| 页数: | 15, 76页 | |
| 开本: | 21cm | |
| 丛书名: | 生物技术入门系列 | |
| 单 册: | ||
| 中图分类: | TS201 | |
| 科图分类: | ||
| 主题词: | 生物工程--sheng wu gong cheng--应用--食品工业 | |
| 电子资源: | ||
| ISBN: | 978-7-03-024212-9 | |
| 000 | 01341nam 2200313 450 | |
| 001 | 012009927284 | |
| 005 | 20091128144327.09 | |
| 010 | @a978-7-03-024212-9@dCNY35.00 | |
| 100 | @a20091128d2009 em y0chiy0120 ea | |
| 101 | 0 | @achi@cger |
| 102 | @aCN@b110000 | |
| 105 | @aa z 000yy | |
| 106 | @ar | |
| 200 | 1 | @a啤酒,面包,奶酪@Api jiu,mian bao,nai lao@e生物工艺与美食@f(德) 莱茵哈德·伦内贝格著@F(de)lai yin ha de·lun nei bei ge zhu@g(德) 达嘉·苏斯比尔插图@G(de)da jia·su si bi er cha tu@g杨毅, 陈慧, 王健美译@Gyang yi,chen hui,wang jian mei yi |
| 210 | @a北京@c科学出版社@d2009.03 | |
| 215 | @a15, 76页@c图@d21cm | |
| 225 | 2 | @a生物技术入门系列@Asheng wu ji shu ru men xi lie@v1 |
| 330 | @a本书将为您一一解密法国上等干邑葡萄酒、意大利摩德纳的传统黑葡萄醋、法国Camembert软质乳酪、旧金山法式酸酵头面包等诸多世界级美食的发展史和加工原理。 | |
| 410 | 0 | @12001 @a生物技术入门系列 |
| 517 | 1 | @a生物工艺与美食@Asheng wu gong yi yu mei shi |
| 606 | 0 | @a生物工程@Asheng wu gong cheng@x应用@x食品工业 |
| 690 | @aTS201@v4 | |
| 701 | 1 | @a伦内贝格@Alun nei bei ge@g(Renneberg, Reinhard)@4著 |
| 702 | 1 | @a苏斯比尔@Asu si bi er@g(SuBbier, Darja)@4插图 |
| 702 | 0 | @a杨毅@Ayang yi@4译 |
| 702 | 0 | @a陈慧@Achen hui@4译 |
| 702 | 0 | @a王健美@Awang jian mei@4译 |
| 801 | 0 | @aCN@bQSSK@c20091128 |
| 905 | @b766821-23@dTS201@eL926@f3 | |
| 啤酒,面包,奶酪:生物工艺与美食/(德) 莱茵哈德·伦内贝格著/(德) 达嘉·苏斯比尔插图/杨毅, 陈慧, 王健美译.-北京:科学出版社,2009.03 |
| 15, 76页:图;21cm.-(生物技术入门系列;1) |
| ISBN 978-7-03-024212-9:CNY35.00 |
| 本书将为您一一解密法国上等干邑葡萄酒、意大利摩德纳的传统黑葡萄醋、法国Camembert软质乳酪、旧金山法式酸酵头面包等诸多世界级美食的发展史和加工原理。 |
| ● |
| 相关链接 |
|
|
|
正题名:啤酒,面包,奶酪
索取号:TS201/L926
 
预约/预借
| 序号 | 登录号 | 条形码 | 馆藏地/架位号 | 状态 | 备注 |
| 1 | 766821 | 207668219 | 自科二线504/504自科库 32排2列4层/ [索取号:TS201/L926] | 在馆 | |
| 2 | 766822 | 207668228 | 自科二线504/504自科库 32排2列4层/ [索取号:TS201/L926] | 在馆 | |
| 3 | 766823 | 207668237 | 自科二线504/504自科库 32排2列4层/ [索取号:TS201/L926] | 在馆 |